[Event "Brno Open 2012"]
[Site "Brno CZE"]
[Date "2012.11.16"]
[Round "8"]
[White "Spanton,T"]
[Black "Potapova,Tatiana"]
[Result "1-0"]
[WhiteElo "1994"]
[BlackElo "1637"]

1.d4 Nf6 2.Nc3 d6 3.e4 Nbd7 4.Nf3 e5 5.Bc4 g6 6.Ng5 d5 7.Nxd5 Nb6 8.Nxb6 axb6
9.Nxf7 Qe7 10.O-O Be6 11.Bxe6 Qxe6 12.Nxh8 Bg7 13.d5 Qd7 14.Nxg6 hxg6 15.f3 Bf8
16.Be3 Qb5 17.b3 Bc5 18.Qd2 Bxe3+ 19.Qxe3 Qd7 20.Qg5 Qf7 21.Qxe5+ Qe7 22.Qxe7+  1-0

[Event "Fujairah Masters 2012"]
[Site "Fujairah City UAE"]
[Date "2012.11.16"]
[Round "4.22"]
[White "Ankit,R"]
[Black "Ali,Ak"]
[Result "1-0"]
[WhiteElo "2423"]
[BlackElo "2287"]

1.e4 d6 2.d4 Nf6 3.Nc3 e5 4.Nf3 Nbd7 5.Bc4 Be7 6.O-O O-O 7.Re1 c6 8.a4 h6
9.h3 a5 10.Be3 Re8 11.Qd2 exd4 12.Bxd4 Bf8 13.Qf4 g5 14.Qh2 Nh5 15.Rad1 Qc7
16.Be3 Ne5 17.Be2 Nf6 18.Nd4 Ng6 19.Nf5 Nxe4 20.Nxe4 Bxf5 21.Nf6+ Kg7 22.Nxe8+ Rxe8
23.Bd3 Be6 24.Bd4+ Kg8 25.Bxg6 fxg6 26.Bc5 Qd7 27.Bxd6 Rd8 28.Bxf8 Qxd1 29.Qe5 Qd4
30.Qxe6+ Kxf8 31.Qe7+  1-0

[Event "VIII Governor's Cup"]
[Site "Khanty-Mansiysk RUS"]
[Date "2012.11.16"]
[Round "2.14"]
[White "Savitskiy,S"]
[Black "Kabanov,N"]
[Result "1-0"]
[WhiteElo "2365"]
[BlackElo "2486"]

1.e4 d6 2.d4 Nf6 3.Nc3 c6 4.f4 Qa5 5.Bd3 e5 6.Nf3 exd4 7.Nxd4 g6 8.Nf3 Bg7
9.O-O O-O 10.Kh1 Nbd7 11.a3 b5 12.Bd2 Qc7 13.Qe1 a6 14.Qh4 Bb7 15.Rae1 Rfe8
16.e5 Nd5 17.Nxd5 cxd5 18.Ng5 h6 19.e6 f5 20.exd7 Rxe1 21.Rxe1 hxg5 22.Qxg5  1-0

[Event "VIII Governor's Cup B"]
[Site "Khanty-Mansiysk RUS"]
[Date "2012.11.16"]
[Round "2"]
[White "Antipin,Sergei"]
[Black "Purtov,K"]
[Result "1-0"]
[WhiteElo "2017"]
[BlackElo "2172"]

1.e4 d6 2.d4 Nf6 3.Nc3 Nbd7 4.g3 e5 5.d5 g6 6.Bg2 Bg7 7.Nge2 O-O 8.O-O Nh5
9.g4 Nhf6 10.h3 b6 11.Ng3 h6 12.Be3 Kh7 13.Qd2 a5 14.Rfe1 Nc5 15.a4 Bd7 16.Bf1 Ng8
17.Nb5 Bf6 18.Ra3 Bh4 19.Bxc5 dxc5 20.Rf3 Bxb5 21.Bxb5 Bxg3 22.fxg3 Qd6 23.Ref1 f6
24.Qf2 Kg7 25.h4 Rf7 26.g5 hxg5 27.hxg5 Raf8 28.g4 fxg5 29.Rxf7+ Rxf7 30.Qxf7+ Kh8
31.Kg2 Nh6 32.Rh1 Qf8 33.Qxg6 Qg7 34.Rxh6+ Kg8 35.Qe6+ Qf7 36.Rh8+  1-0

[Event "WY BU14 2012"]
[Site "Maribor SLO"]
[Date "2012.11.16"]
[Round "9.70"]
[White "Ali,Abdulaziz"]
[Black "Drobnic,Milan"]
[Result "1/2-1/2"]
[WhiteElo "1646"]
[BlackElo "1765"]

1.e4 d6 2.d4 Nf6 3.Nc3 Nbd7 4.f4 e5 5.Nf3 exd4 6.Qxd4 c6 7.Be3 d5 8.e5 Ng4
9.Bg1 Bc5 10.Qd2 Bxg1 11.Rxg1 Qb6 12.O-O-O Nc5 13.Be2 Nf2 14.Rdf1 Nfe4 15.Nxe4 Nxe4
16.Qe1 Qe3+ 17.Nd2 Bf5 18.g4 Nxd2 19.Qxd2 Qxd2+ 20.Kxd2 Be4 21.Bf3 Bxf3 22.Rxf3 O-O-O
23.Ra3 a6 24.Rgg3 Rde8 25.Rge3 Kc7 26.Kd3 Re7 27.Ke2 Rhe8 28.Kf2 h6 29.h4 Rd8
30.f5 Rde8  1/2-1/2

[Event "WY GU16 2012"]
[Site "Maribor SLO"]
[Date "2012.11.16"]
[Round "9.3"]
[White "Bivol,A"]
[Black "Saduakassova,D"]
[Result "1/2-1/2"]
[WhiteElo "2172"]
[BlackElo "2297"]

1.e4 d6 2.d4 Nf6 3.Nc3 e5 4.dxe5 dxe5 5.Qxd8+ Kxd8 6.Bg5 Be6 7.f4 exf4 8.Nge2 Kc8
9.Bxf6 gxf6 10.Nxf4 Bb4 11.Be2 Nd7 12.O-O c6 13.Bh5 Bc4 14.Be2 Be6 15.Bh5 Bc4
16.Be2 Be6 17.Bh5 Bc4  1/2-1/2

[Event "WY BU14 2012"]
[Site "Maribor SLO"]
[Date "2012.11.16"]
[Round "9.69"]
[White "Opalic,David"]
[Black "Kodric,Tilen"]
[Result "1/2-1/2"]
[WhiteElo "1715"]
[BlackElo "1497"]

1.e4 d6 2.d4 Nf6 3.Nc3 Nbd7 4.Nf3 e5 5.Bc4 Be7 6.O-O O-O 7.Re1 c6 8.a4 h6
9.h3 Re8 10.Qd3 Qc7 11.Nh4 Nf8 12.dxe5 dxe5 13.Qg3 Nh5 14.Qf3 Bxh4 15.Qxh5 Qe7
16.Bxf7+ Qxf7 17.Qxh4 Ng6 18.Qh5 Rf8 19.Be3 Qf6 20.Rad1 Nf4 21.Bxf4 Qxf4
22.Re2 Be6 23.b3 Kh7 24.Red2 g6 25.Qe2 Qg5 26.Rd3 Rad8 27.Rxd8 Rxd8 28.Rxd8 Qxd8
29.Qe3 b6 30.a5 h5 31.axb6 axb6 32.Qg3 Qd4 33.Kh2 b5 34.Qf3 Kg7 35.Nd1 c5
36.Ne3 c4 37.bxc4 Bxc4 38.Nxc4 Qxc4 39.Qb3 Qxe4 40.Qxb5 Qf4+ 41.Kg1 Qc1+
42.Kh2 Qf4+  1/2-1/2

[Event "WY BU18 2012"]
[Site "Maribor SLO"]
[Date "2012.11.16"]
[Round "9.34"]
[White "Sadykov,Ily"]
[Black "Oltian,Vata"]
[Result "1-0"]
[WhiteElo "2256"]
[BlackElo "1799"]

1.e4 d6 2.d4 Nf6 3.Nc3 e5 4.dxe5 dxe5 5.Qxd8+ Kxd8 6.Bg5 Be6 7.g3 Bc5 8.f4 exf4
9.gxf4 Be3 10.Nf3 Re8 11.f5 Bxg5 12.fxe6 Bf4 13.exf7 Rf8 14.e5 Ng4 15.Rd1+  1-0

[Event "UNAM w Prelim B"]
[Site "Mexico City MEX"]
[Date "2012.11.16"]
[Round "1.4"]
[White "Videnova,I"]
[Black "Umudova,N"]
[Result "1-0"]
[WhiteElo "2318"]
[BlackElo "2220"]

1.e4 d6 2.d4 Nf6 3.Nc3 c6 4.f4 Qa5 5.Bd3 e5 6.Nf3 Bg4 7.Be3 Be7 8.Qd2 Bxf3
9.gxf3 exd4 10.Bxd4 Qh5 11.O-O-O Nbd7 12.e5 dxe5 13.fxe5 Nxe5 14.Bxe5 Qxe5
15.Rhe1 Qc7 16.Qe3 Kf8 17.Bf5 b6 18.Rd7 Nxd7 19.Qxe7+ Kg8 20.Bxd7 g6 21.Ne4 Qf4+
22.Kb1 Kg7 23.Ng5 Qc4 24.Ne6+ Kg8 25.Qf6  1-0

[Event "Brno Open 2012"]
[Site "Brno CZE"]
[Date "2012.11.17"]
[Round "9"]
[White "Korinkova,Eva"]
[Black "Snasel,Michal"]
[Result "1/2-1/2"]
[WhiteElo "1813"]
[BlackElo "1728"]

1.e4 d6 2.d4 Nf6 3.Nc3 e5 4.dxe5 dxe5 5.Qxd8+ Kxd8 6.Bg5 Be6 7.O-O-O+ Nd7
8.Nf3 Bd6 9.Bb5 Ke8 10.h3 a6 11.Bxd7+ Nxd7 12.a3 f6 13.Be3 Kd8 14.Nd5 Bxd5
15.Rxd5 Ke7 16.Rhd1 Rhd8 17.Ne1 Nb6 18.Bxb6 cxb6 19.c3 a5 20.Kc2 Rd7 21.R1d3 Rad8
22.b4 Bc7 23.c4 Rxd5 24.Rxd5 Ra8 25.b5 Bd6 26.a4 Rc8 27.Kb3 Rd8 28.Nd3 g6
29.Kc3 Rc8 30.Kb3  1/2-1/2

[Event "VIII Governor's Cup"]
[Site "Khanty-Mansiysk RUS"]
[Date "2012.11.17"]
[Round "3.14"]
[White "Arslanov,S"]
[Black "Akselrod,V"]
[Result "1/2-1/2"]
[WhiteElo "2396"]
[BlackElo "2402"]

1.e4 d6 2.d4 Nf6 3.Nc3 c6 4.f4 Bg4 5.Be2 Bxe2 6.Qxe2 Qb6 7.Nf3 Qa6 8.e5 Nd5
9.exd6 Qxe2+ 10.Kxe2 exd6 11.Re1 f5 12.Nxd5 cxd5 13.b3 Be7 14.c4 Nd7 15.Kd3 Nf6
16.Ba3 Ne4 17.c5 dxc5 18.Bxc5 Bf6 19.Rac1 Kd7 20.Rc2 Rhc8 21.Rec1 b6 22.Bb4 Rxc2
23.Rxc2 Rc8 24.Rxc8 Kxc8 25.Be1 g6 26.Bh4 Bg7 27.Be1 Kd7 28.Ke3 Ke6 29.h3 h6
30.Kd3 Bf6 31.Ke3 a6 32.Kd3 Be7 33.Ne5 g5 34.fxg5 hxg5 35.g4 fxg4 36.Nxg4 Bd6
37.h4 gxh4 38.Bxh4 Bf4 39.Nf2 Bg5 40.Bxg5 Nxf2+ 41.Ke3 Ne4 42.Bd8 b5 43.Kf4 Nc3
44.a3 Ne2+ 45.Ke3 Ng3 46.Kf4 Nf5 47.Bb6 Nd6 48.Ba5 Ne4 49.Be1 Nd6 50.Bb4 Nb7
51.Be1 Nd8 52.Ba5 Nc6 53.Bb6 Kf6 54.Kg4 Ke6 55.Kf4 Ne7 56.Bc5 Nf5 57.Bb6 Nd6
58.Ba5 Ne4 59.Be1 Kd6 60.Kf5 Kc6 61.Ke5 Nd6 62.Bb4 Ne4 63.Be1 Ng5 64.Kf4 Nf7  1/2-1/2

[Event "WY BU14 2012"]
[Site "Maribor SLO"]
[Date "2012.11.17"]
[Round "10.43"]
[White "Loh,Zachary"]
[Black "Virtanen,Teemu"]
[Result "1-0"]
[WhiteElo "1953"]
[BlackElo "1848"]

1.d4 d6 2.e4 Nf6 3.Nc3 e5 4.Nge2 Nbd7 5.g3 Be7 6.Bg2 c6 7.a4 Qc7 8.O-O O-O
9.h3 Re8 10.Be3 Bf8 11.g4 Nb6 12.b3 a5 13.f4 Nfd7 14.Ng3 f6 15.Qf3 g6 16.Qf2 exd4
17.Bxd4 Bg7 18.e5 fxe5 19.fxe5 Rf8 20.Qe2 dxe5 21.Be3 Nf6 22.Kh1 Nbd5 23.Nxd5 Nxd5
24.Bc5 Rxf1+ 25.Rxf1 Nf4 26.Rxf4 b6 27.Ba3 Ba6 28.Rc4 Bxc4 29.Qxc4+ Kh8 30.Qxc6 Qxc6
31.Bxc6 Rc8 32.Be4 Kg8 33.Bd5+ Kh8 34.Bc4 Rd8 35.Ne4 h6 36.Kg2 Rd4 37.Kf3 h5
38.Bd6 Rd1 39.Bc7 Rc1 40.Bd3  1-0

[Event "WY BU18 2012"]
[Site "Maribor SLO"]
[Date "2012.11.17"]
[Round "10.53"]
[White "Cmor,N"]
[Black "Lucovnik,Tilen"]
[Result "1-0"]
[WhiteElo "1902"]
[BlackElo "1883"]

1.e4 d6 2.d4 Nf6 3.Nc3 e5 4.Nf3 Nbd7 5.g4 Nxg4 6.Rg1 Ngf6 7.Bc4 h6 8.Be3 c6
9.dxe5 dxe5 10.Qd3 b5 11.Bb3 Qa5 12.O-O-O Ba6 13.Nd2 b4 14.Nc4 bxc3 15.Nxa5 Bxd3
16.cxd3 cxb2+ 17.Kxb2 c5 18.Kc2 g5 19.Ba4 Bd6 20.Rb1 Ke7 21.Rb7 Rhc8 22.Nc6+ Kf8
23.h4 c4 24.hxg5 cxd3+ 25.Kxd3 hxg5 26.Rxg5 Rc7 27.Rxc7 Bxc7 28.Rf5 Kg7 29.Rg5+ Kf8
30.Rg1 Bd6 31.Rc1 Nb6 32.Bg5 Ng4 33.Rg1 f6 34.Rxg4 fxg5 35.Bb3 Nd7 36.Bd5 Nf6
37.Rxg5 Nxd5 38.exd5 Re8 39.Ke4 Kf7 40.Nxe5+ Kf6 41.Rf5+  1-0

[Event "Siberian Bank Cup"]
[Site "Novosibirsk RUS"]
[Date "2012.11.17"]
[Round "1"]
[White "Rublevsky,S"]
[Black "Sjugirov,S"]
[Result "1/2-1/2"]
[WhiteElo "2688"]
[BlackElo "2624"]

1.e4 d6 2.d4 Nf6 3.Nc3 e5 4.dxe5 dxe5 5.Qxd8+ Kxd8 6.Bc4 Ke8 7.Nf3 Bd6 8.Bg5 Nbd7
9.O-O-O a6 10.a3 h6 11.Bh4 Kf8 12.Nd2 b5 13.Be2 Nc5 14.f3 Be6 15.Nf1 Nh5
16.Ne3 Nf4 17.Bf1 g6 18.Bf2 Kg7 19.g3 Nh5 20.Ned5 Nd7 21.a4 b4 22.Nb1 Nhf6
23.Bc4 Bh3 24.Nd2 Nxd5 25.Bxd5 Rab8 26.Nc4 Bg2 27.Rhe1 Bxf3 28.Rd3 Bg4 29.Nxd6 cxd6
30.Bc6 Rhc8 31.Rxd6 Rc7 32.a5 Rbc8 33.Ba4 Nc5 34.Bxc5 Rxc5 35.Rxa6 Be6 36.Kb1 Rd8
37.Ra7 Rd2 38.h4 g5 39.h5 g4 40.Rf1 Kf8 41.a6 Bc4 42.Kc1 Rd6 43.Rd1 Rxa6
44.Rxa6 Bxa6 45.Bb3 Ke7 46.Kd2 Bc4 47.Bxc4 Rxc4 48.Re1 Ke6 49.c3 bxc3+ 50.bxc3 Ra4
51.Rb1 Rxe4 52.Rb6+ Kf5 53.Rxh6 Ra4 54.Ke3 Ra2 55.Rh7 f6 56.h6 Rg2 57.Rh8 Rxg3+
58.Kd2 Rh3 59.h7 g3 60.Ke3 e4 61.c4 Rh1 62.c5 g2 63.Rg8 Rxh7 64.Rxg2 Ke5
65.Rg8 Rh3+ 66.Kd2 Rd3+ 67.Ke2 Rc3 68.Rc8 f5 69.c6 Kf4 70.c7 Rc5 71.Kd2 Rc6
72.Ke2 Rc4 73.Kd2 Rc5 74.Ke2 Rc6 75.Kd2 Rd6+ 76.Ke2 Rd7 77.Kf2 Rg7 78.Ke2 Rh7
79.Kd2 e3+ 80.Ke2 Rh2+ 81.Kd1 Rd2+ 82.Ke1 Rc2 83.Kd1 e2+ 84.Ke1 Kf3 85.Re8 Rxc7
86.Re3+ Kg4 87.Kxe2 f4 88.Ra3 Rh7 89.Kf2 Rh2+ 90.Kf1 Rh3 91.Rxh3 Kxh3 92.Kf2  1/2-1/2

[Event "TCh-BEL 2012-13"]
[Site "Anderlecht BEL"]
[Date "2012.11.18"]
[Round "4.4"]
[White "Akhayan,R"]
[Black "Van Mechelen,J"]
[Result "1/2-1/2"]
[WhiteElo "2277"]
[BlackElo "2194"]

1.e4 d6 2.d4 Nf6 3.Nc3 e5 4.Nf3 Nbd7 5.g4 g6 6.h3 Bg7 7.Be3 c6 8.Bg2 Qe7
9.Qe2 b5 10.a3 a6 11.Rd1 O-O 12.O-O a5 13.b4 axb4 14.axb4 Ra3 15.Nb1 Ra2
16.Nc3 Ra3 17.Nb1 Ra2  1/2-1/2

[Event "TCh-HUN 2012-13"]
[Site "Dunaharaszti HUN"]
[Date "2012.11.18"]
[Round "4"]
[White "Perunovic,Mil"]
[Black "Jovanovic,Zo CRO"]
[Result "1-0"]
[WhiteElo "2614"]
[BlackElo "2516"]

1.e4 d6 2.d4 Nf6 3.Nc3 e5 4.Nf3 exd4 5.Nxd4 Be7 6.g3 Nc6 7.Nxc6 bxc6 8.Bg2 O-O
9.O-O Rb8 10.b3 Nd7 11.Bb2 Bf6 12.f4 c5 13.e5 dxe5 14.Ne4 exf4 15.Nxf6+ Nxf6
16.Rxf4 Be6 17.Qf1 Bd5 18.Bxf6 Bxg2 19.Bxd8 Bxf1 20.Bxc7 Rbc8 21.Bd6 Rfd8
22.Raxf1 Rxd6 23.Rxf7 Ra6 24.Rd7 c4 25.Rff7 Rg6 26.Rxa7 cxb3 27.cxb3 h5 28.Kg2 h4
29.Rf4 hxg3 30.hxg3 Rc2+ 31.Kh3 Re6 32.Ra8+ Kh7 33.Rh4+ Kg6 34.Rg4+ Kf6 35.Rf4+ Kg6
36.Ra7 Ree2 37.Rff7 Kh5 38.g4+ Kh6 39.Ra6+ Kh7 40.Raa7 Rh2+ 41.Kg3 Rcg2+
42.Kf4 Rf2+ 43.Ke5 Rxf7 44.Rxf7 Rxa2 45.b4 Kg6 46.Rf4 Kg5 47.Rd4 Kh4 48.Kd5 Rb2
49.Kc5 g5 50.b5 Re2 51.b6 Re5+ 52.Kc6 Re6+ 53.Kc7  1-0

[Event "TCh-BEL 2012-13"]
[Site "Ghent BEL"]
[Date "2012.11.18"]
[Round "4.4"]
[White "Fiebig,T"]
[Black "Vandenbussche,T"]
[Result "1-0"]
[WhiteElo "2414"]
[BlackElo "2400"]

1.e4 d6 2.d4 Nf6 3.Nc3 Nbd7 4.Nf3 e5 5.Bc4 Be7 6.O-O O-O 7.a4 a6 8.h3 b6
9.Re1 Bb7 10.Bg5 c6 11.Ba2 h6 12.dxe5 dxe5 13.Bxf6 Bxf6 14.Qd6 Nc5 15.Rad1 a5
16.Nh2 Qxd6 17.Rxd6 Be7 18.Rdd1 Rfe8 19.Ng4 Bg5 20.g3 Bc8 21.Rd6 Bxg4 22.hxg4 Rac8
23.Bc4 Be7 24.Rdd1 Rcd8 25.b3 Bg5 26.Re2 Rd4 27.Kf1 Red8 28.Ke1 Kf8 29.Rxd4 exd4
30.Nd1 d3 31.cxd3 Nxd3+ 32.Bxd3 Rxd3 33.Rb2 Bf6 34.Rb1 b5 35.axb5 cxb5 36.Ne3 Bc3+
37.Kf1 Rd8 38.Rc1 Bd2 39.Rd1 a4 40.Nd5 Bg5 41.bxa4 bxa4 42.Ra1 Ra8 43.Nb6 Ra6
44.Nxa4 Bf6 45.Ra2 Bd4 46.Nc3 Rxa2 47.Nxa2 Ke7 48.Nb4 g6 49.Nc6+  1-0

[Event "TCh-FIN SM 2012-13"]
[Site "Helsinki FIN"]
[Date "2012.11.18"]
[Round "7.3"]
[White "Agopov,M"]
[Black "Rehn,R"]
[Result "1-0"]
[WhiteElo "2431"]
[BlackElo "2173"]

1.e4 d6 2.d4 Nf6 3.Nc3 e5 4.Nf3 Nbd7 5.Bc4 Be7 6.O-O O-O 7.Re1 c6 8.a4 a6
9.a5 exd4 10.Qxd4 Ng4 11.Rd1 Nge5 12.Nxe5 dxe5 13.Qe3 Bb4 14.Qg3 Kh8 15.Bg5 Qc7
16.Na2 Bc5 17.b4 f6 18.Be3 Be7 19.Be6 c5 20.Nc3 Bd6 21.Nd5 Qc6 22.Qh3 Rd8
23.Bf5 Nf8 24.bxc5 Bxf5 25.Qxf5 Bxc5 26.Bxc5 Qxc5 27.c3 Rd6 28.h4 Rad8 29.h5 Qc8
30.Qf3 Qe6 31.Rab1 R8d7 32.c4 Qf7 33.c5 Rc6 34.Rb6 Ne6 35.h6 gxh6 36.Rdb1 Nd4
37.Qh3 Ne2+ 38.Kf1 Nd4 39.Rxc6 Nxc6 40.Qxh6 Qg7 41.Qh3 Nxa5 42.Nxf6 Rf7 43.Ng4 Nc4
44.Kg1 Rc7 45.Rd1 Rd7 46.Rd5 Rxd5 47.exd5 Qg5 48.d6 Qc1+ 49.Kh2 Qf4+ 50.g3 Qf5
51.Qh4 Kg7 52.d7  1-0

[Event "VIII Governor's Cup B"]
[Site "Khanty-Mansiysk RUS"]
[Date "2012.11.18"]
[Round "4"]
[White "Sazonova,A"]
[Black "Purtov,K"]
[Result "1/2-1/2"]
[WhiteElo "2103"]
[BlackElo "2172"]

1.e4 d6 2.d4 Nf6 3.Nc3 Nbd7 4.Nge2 e5 5.g3 g6 6.Bg2 Bg7 7.O-O O-O 8.h3 c6
9.a4 a5 10.Be3 Re8 11.g4 exd4 12.Bxd4 Nf8 13.Ng3 Ne6 14.Be3 Qe7 15.f4 Nd7
16.Qd2 Nec5 17.Rfe1 Nb6 18.b3 Be6 19.f5 Be5 20.Bf4 Bxb3 21.Bxe5 Qxe5 22.f6 Bc4
23.Nf5 Qxf6 24.Qxd6 Qxc3 25.Nh6+ Kg7 26.Qxc5 Kxh6 27.Qxb6 Ba6 28.Qf2 Kg7
29.Rad1 Rad8 30.g5 Qe5 31.h4 Rd6 32.Rxd6 Qxd6 33.Bf3 f6 34.Rd1 Qe5 35.Rd7+ Kg8
36.Bg2 Rf8 37.Qd2 fxg5 38.hxg5 Qc5+ 39.Kh1 b6 40.Rd8 Bc4 41.Rxf8+  1/2-1/2

[Event "WY BU14 2012"]
[Site "Maribor SLO"]
[Date "2012.11.18"]
[Round "11.73"]
[White "Davila Blanco,Juan Jose"]
[Black "Kodric,Tilen"]
[Result "1-0"]
[WhiteElo "1741"]
[BlackElo "1497"]

1.e4 d6 2.d4 Nf6 3.Nc3 Nbd7 4.Nf3 e5 5.Bc4 Be7 6.O-O O-O 7.Re1 c6 8.a4 h6
9.h3 Re8 10.Ba2 Rb8 11.Qe2 Bf8 12.Qc4 Qe7 13.d5 Nb6 14.Qd3 cxd5 15.exd5 e4
16.Qd4 Bf5 17.Bb3 Qd7 18.Nd2 Bh7 19.a5 Nc8 20.Ba4 Qe7 21.Bxe8 Qxe8 22.Ndxe4 Nxe4
23.Nxe4 Qd8 24.c3 Qh4 25.Ra4  1-0

[Event "WY GU16 2012"]
[Site "Maribor SLO"]
[Date "2012.11.18"]
[Round "11.15"]
[White "Oliveira,Maria"]
[Black "Ivanova,Si"]
[Result "0-1"]
[WhiteElo "1969"]
[BlackElo "2016"]

1.e4 d6 2.d4 Nf6 3.Nc3 e5 4.Nf3 Nbd7 5.Bc4 Be7 6.Ng5 O-O 7.Bxf7+ Rxf7 8.Ne6 Qe8
9.Nxc7 Qd8 10.Nxa8 b6 11.dxe5 Nxe5 12.Be3 Ba6 13.Nxb6 axb6 14.Qd4 Nc4 15.O-O-O Ng4
16.Rhe1 Ngxe3 17.fxe3 Bf6 18.Qd5 Qc8 19.Rd4 Bxd4 20.exd4 Bb7 21.Qb5 Rf2 22.e5 Qe6
23.d5 Qh6+ 24.Kb1 Qg6 25.e6 Na3+ 26.Ka1 Nxc2+ 27.Kb1 Na3+ 28.Ka1 Qb1+  0-1

[Event "WY GU18 2012"]
[Site "Maribor SLO"]
[Date "2012.11.18"]
[Round "11.16"]
[White "Turkova,K"]
[Black "Nonkovic,B"]
[Result "1-0"]
[WhiteElo "1993"]
[BlackElo "2024"]

1.e4 d6 2.d4 Nf6 3.Nc3 e5 4.Nf3 Nbd7 5.Bc4 Be7 6.O-O O-O 7.Re1 c6 8.a4 exd4
9.Nxd4 Ne5 10.Be2 Re8 11.f4 Ned7 12.Bf3 Nf8 13.Be3 Be6 14.Qd2 Qc7 15.Rad1 Rad8
16.Qf2 Bg4 17.h3 Bxf3 18.Qxf3 Ng6 19.Nf5 Bf8 20.Bd4 Re6 21.h4 h5 22.g3 Ng4
23.Ne3 Nxh4 24.gxh4 Rg6 25.Ng2 Re6 26.Kh1 d5 27.exd5 Rxe1+ 28.Rxe1 cxd5 29.Ne3 Qe7
30.Qg3 Re8 31.Re2 Qd8 32.Nxg4 Rxe2 33.Nf6+ Kh8 34.Nxe2 gxf6 35.Qg5  1-0

[Event "11th Kheireddine Ameyar Mem 2012"]
[Site "Algiers ALG"]
[Date "2012.11.19"]
[Round "6.7"]
[White "Benkiar,D"]
[Black "Belouadah,S"]
[Result "0-1"]
[WhiteElo "2039"]
[BlackElo "2301"]

1.e4 d6 2.d4 Nf6 3.Nc3 c6 4.Nf3 g6 5.Be2 Bg7 6.h3 O-O 7.O-O Nbd7 8.Bf4 Nh5
9.Bg5 h6 10.Be3 e5 11.dxe5 dxe5 12.Qd2 Kh7 13.g4 Nf4 14.Bxf4 exf4 15.Qxf4 Qb6
16.Rab1 Qc5 17.Qe3 Qxe3 18.fxe3 Nc5 19.Bd3 Rd8 20.Nd4 Be6 21.Nxe6 fxe6 22.Rf7 Kg8
23.Rbf1 Rd7 24.Rxd7 Nxd7 25.Bc4 Re8 26.Ne2 b5 27.Bb3 Nc5 28.Nd4 Bxd4 29.exd4 Nxe4
30.Re1 Ng5 31.Kg2 Kf7 32.a4 b4 33.Re5 Kf6 34.Rc5 Rd8 35.h4 Ne4 36.Rxc6 Nd6
37.Kf3 Rd7 38.Ke3 g5 39.h5 e5 40.d5 e4 41.Kd4 e3 42.Kxe3 Ke5 43.c4 bxc3 44.bxc3 Rb7
45.Bd1 Rb1 46.Bf3 Re1+ 47.Kf2 Rc1 48.Kg3 Rg1+ 49.Bg2 Rc1 50.Rc7 Kf6 51.Rc6 Ke5
52.a5 a6 53.Bf3 Rg1+ 54.Kf2 Ra1 55.Rxa6 Ra3 56.c4 Ra2+ 57.Kg3 Ra3 58.Kf2 Ra2+
59.Kg3 Ra3 60.c5 Ne4+ 61.Kg2 Ra2+ 62.Kg1 Nxc5 63.Rxh6 Kf4 64.Rf6+ Kg3 65.Kf1 Nd3
66.h6 Rf2+ 67.Kg1 Nf4 68.Rxf4 gxf4 69.h7 Rd2 70.Kf1 Kxf3  0-1

[Event "VIII Governor's Cup"]
[Site "Khanty-Mansiysk RUS"]
[Date "2012.11.19"]
[Round "5.10"]
[White "Arslanov,S"]
[Black "Yudin,S"]
[Result "1/2-1/2"]
[WhiteElo "2396"]
[BlackElo "2546"]

1.e4 d6 2.d4 Nf6 3.Nc3 e5 4.Nf3 Nbd7 5.g4 Nxg4 6.Rg1 Ngf6 7.Bc4 exd4 8.Nxd4 Nb6
9.Be2 d5 10.e5 Ne4 11.Nxe4 dxe4 12.Bg5 Be7 13.Qd2 Bxg5 14.Rxg5 Nd5 15.Rxg7 e3
16.fxe3 Qh4+ 17.Rg3 Be6 18.Bb5+ c6 19.Nxc6 bxc6 20.Bxc6+ Ke7 21.Bxa8 Rxa8
22.Qd4 Qxd4 23.exd4 Rc8 24.Kd2 Nb6 25.b3 Rd8 26.c3 a5 27.Rag1 a4 28.Rg8 Rd5
29.Rb8 Rb5 30.Rb7+ Kf8 31.Rb8+ Ke7 32.Rb7+ Kf8 33.Rb8+ Ke7 34.Rgg8 axb3 35.axb3 Rxb3
36.Rb7+ Nd7 37.Rxb3 Bxb3 38.Kd3 Nb6 39.Rb8 Bc4+ 40.Ke4 Nd5 41.Rc8 Nxc3+ 42.Ke3 Nd5+
43.Ke4 Nb6 44.Rh8 Ba2 45.Rb8 Bd5+ 46.Kf4 Nd7 47.Rb5 Ke6 48.Ra5 Nb8 49.Ke3 Nc6
50.Ra8 Nxd4 51.Re8+ Kd7 52.Kxd4 Kxe8 53.Kxd5  1/2-1/2

[Event "22nd World Seniors Open"]
[Site "Kamena Vourla GRE"]
[Date "2012.11.21"]
[Round "8.12"]
[White "Nukin,T"]
[Black "Stepovoj,V"]
[Result "0-1"]
[WhiteElo "2203"]
[BlackElo "2346"]

1.e4 d6 2.d4 Nf6 3.Nc3 Nbd7 4.g3 e5 5.Nge2 g6 6.Bg2 Bg7 7.O-O O-O 8.h3 Re8
9.Re1 b6 10.d5 a5 11.a4 Nc5 12.Be3 Re7 13.g4 Qf8 14.Ng3 Bd7 15.Bf1 Ne8 16.Bb5 Bc8
17.Bc6 Rb8 18.Qf3 Bh6 19.Kh2 Bxe3 20.Rxe3 f6 21.Rg1 Ng7 22.b3 Rf7 23.Qg2 Kh8
24.Re2 f5 25.f3 Qe7 26.gxf5 gxf5 27.Nh5 Ba6 28.Nxg7 Rxg7 29.Qxg7+ Qxg7 30.Rxg7 Kxg7
31.Rg2+ Kh6 32.exf5 Rf8 33.Nb5 Bxb5 34.Bxb5 Rxf5 35.Be2 Rg5 36.Rg4 Rxg4 37.hxg4 Kg5
38.Kg3 Nd7 39.Bd3 Nf6 40.Bc4 h5 41.gxh5 Nxh5+ 42.Kf2 Kf4 43.Bb5 Nf6 44.c4 e4
45.fxe4 Nxe4+ 46.Ke2 Nc5 47.Kd2 Nxb3+ 48.Kc3 Nc5 49.Kd4 Kf3 50.Be8 Ke2 51.Kc3 Ke3
52.Bc6 Ne4+  0-1

[Event "VIII Governor's Cup B"]
[Site "Khanty-Mansiysk RUS"]
[Date "2012.11.21"]
[Round "6"]
[White "Lauda,A"]
[Black "Purtov,K"]
[Result "0-1"]
[WhiteElo "1997"]
[BlackElo "2172"]

1.e4 d6 2.d4 Nf6 3.Nc3 Nbd7 4.h3 e5 5.Be3 g6 6.g4 Bg7 7.Bg2 O-O 8.Nge2 exd4
9.Bxd4 Ne5 10.b3 Nc6 11.Be3 Re8 12.O-O a5 13.a4 Nb4 14.Qd2 Rb8 15.Rad1 b6
16.Ng3 Bb7 17.Nd5 Nbxd5 18.exd5 Ba6 19.c4 Nd7 20.Bg5 Bf6 21.Bxf6 Qxf6 22.Ne4 Qh4
23.Qd4 f5 24.gxf5 gxf5 25.Ng3 f4 26.Kh1 Ne5 27.Nf5 Qg5 28.Rg1 Kh8 29.Be4 Qh5
30.h4 Rg8 31.f3 Rbf8 32.Rxg8+ Rxg8 33.Rg1 Rg6 34.Qf2 Bc8 35.Ne7 Rxg1+ 36.Kxg1 Bd7
37.Qg2 Qf7 38.Qg5 Qg7 39.Kg2 h6 40.Ng6+ Nxg6 41.Qxg6 Qxg6+ 42.Bxg6 Kg7 43.Bd3 Kf6
44.Kf2 Ke5 45.Ke2 Be8 46.Kd2 Bh5 47.Be2 Kd4 48.Bd1 Bg6 49.Be2 Bf5 50.Bf1 Bd7
51.Bd3 Bh3 52.Bg6 Bd7 53.Be4 Be8 54.Bf5 c5 55.Bd3 Bd7 56.Bg6 Bh3 57.Bh5 Bf5
58.Bg4 Bg6 59.Be6 Ke5 60.Kc3 Bh5 61.Bg4 Bxg4 62.fxg4 f3  0-1

[Event "22nd World Seniors Open"]
[Site "Kamena Vourla GRE"]
[Date "2012.11.22"]
[Round "9.14"]
[White "Malmdin,N"]
[Black "Valenti,G"]
[Result "1-0"]
[WhiteElo "2296"]
[BlackElo "2169"]

1.e4 d6 2.d4 Nf6 3.Nc3 e5 4.Nf3 Nbd7 5.Bc4 Be7 6.O-O O-O 7.a4 c6 8.h3 h6
9.Re1 a5 10.Ba2 exd4 11.Qxd4 Nc5 12.Bf4 Ne6 13.Bxe6 Bxe6 14.Rad1 d5 15.e5 Nd7
16.Qd2 Re8 17.Nd4 Bf8 18.Bh2 g6 19.Kh1 Bg7 20.f4 f5 21.Nxe6 Rxe6 22.Nxd5 Nf8
23.Ne3 Qh4 24.Qc3 Kh7 25.Rd3 Ree8 26.Red1 h5 27.Nc4 Ne6 28.Bg3 Qe7 29.Rd7 Qf8
30.Nd6 Re7 31.Nxb7 c5 32.Rxe7 Qxe7 33.Nd6 Bh6 34.Qd2 h4 35.Bh2 Rd8 36.Qf2 Rd7
37.b3 Qd8 38.Rd3 Bf8 39.Qd2 Bh6 40.Qf2 Kg8 41.g4 hxg3 42.Bxg3 Kh7 43.Kg1 Qf8
44.h4 Rg7 45.Nc4 Ra7 46.Qd2 Qa8 47.Nb6 Qe4 48.Nd5 Bg7 49.c3 Nc7 50.Nf6+ Bxf6
51.exf6 Ne6 52.Re3 Qb1+ 53.Kh2 Qxb3 54.Qe2  1-0

[Event "VIII Governor's Cup B"]
[Site "Khanty-Mansiysk RUS"]
[Date "2012.11.22"]
[Round "8"]
[White "Postnikov,D"]
[Black "Purtov,K"]
[Result "1/2-1/2"]
[WhiteElo "2156"]
[BlackElo "2172"]

1.e4 d6 2.d4 Nf6 3.Nc3 Nbd7 4.g4 h6 5.h3 c5 6.Nge2 cxd4 7.Nxd4 Nc5 8.Bg2 e5
9.Nf5 h5 10.Ne3 hxg4 11.hxg4 Rxh1+ 12.Bxh1 Ne6 13.Ncd5 Nxd5 14.exd5 Qh4 15.Bg2 Nf4
16.Qf3 Nxg2+ 17.Qxg2 g6 18.Bd2 Bh6 19.O-O-O Bxe3 20.Bxe3 Qxg4 21.Qh1 Ke7
22.f4 Bf5 23.fxe5 Rc8 24.Rd2 dxe5 25.d6+ Kf6 26.Qxb7 Qg3 27.Bf2 Qf4 28.c3 Kg7
29.Qg2 Rh8 30.Bg3 Qe3 31.Bf2 Qf4 32.Bg3 Qe3 33.Bf2 Qf4 34.Bg3 Qe3 35.Bf2 Qf4  1/2-1/2

[Event "9th Vasylyshyn Mem GM"]
[Site "Lviv UKR"]
[Date "2012.11.22"]
[Round "3"]
[White "Dastan,B"]
[Black "Semcesen,D"]
[Result "0-1"]
[WhiteElo "2370"]
[BlackElo "2484"]

1.e4 d6 2.d4 Nf6 3.Nc3 Nbd7 4.g3 e5 5.Nge2 c6 6.a4 g6 7.Bg2 Bg7 8.h3 O-O
9.Be3 Re8 10.O-O Qc7 11.g4 b6 12.f4 Ba6 13.Re1 Rad8 14.Ng3 h6 15.dxe5 dxe5
16.f5 Nf8 17.Qf3 N8h7 18.Bf1 Bxf1 19.Qxf1 g5 20.Kg2 Bf8 21.Qc4 Rd7 22.Re2 Red8
23.Rh1 Qb7 24.Kf3 a6 25.Reh2 b5 26.Qe2 b4 27.Nd1 c5 28.Nf2 Qc6 29.h4 c4 30.hxg5 hxg5
31.Nh3 Bh6 32.Nf2 Bf8 33.Nh3 Bh6 34.Ng1 Bg7 35.Rh3 Rd4 36.Bxd4 exd4 37.R3h2 Re8
38.Nh3 Nxg4 39.Kxg4 Nf6+ 40.Kf3 g4+ 41.Kf2 Nxe4+ 42.Nxe4 Rxe4 43.Qd2 Re3
44.Kg1 Qe4 45.Kf1 c3 46.bxc3 bxc3 47.Qd1 g3 48.Nf2 Rf3  0-1

[Event "22nd World Seniors Open"]
[Site "Kamena Vourla GRE"]
[Date "2012.11.23"]
[Round "10.8"]
[White "Pritchett,C"]
[Black "Okhotnik,V"]
[Result "1-0"]
[WhiteElo "2348"]
[BlackElo "2433"]

1.e4 d6 2.d4 Nf6 3.Nc3 e5 4.Nf3 Nbd7 5.Bc4 Be7 6.O-O O-O 7.Re1 c6 8.a4 a5
9.h3 Nb6 10.Bf1 Nfd7 11.Be3 Bf6 12.b3 exd4 13.Nxd4 d5 14.exd5 Nxd5 15.Nxd5 cxd5
16.Qd2 Nc5 17.Rad1 b6 18.Nc6 Qc7 19.Bb5 Be6 20.Bf4 Qb7 21.Be5 Bxe5 22.Nxe5 Rac8
23.Qd4 Ne4 24.c4 Nf6 25.Re3 Rfd8 26.Rf3 Ne4 27.Rfd3 Nc5 28.Rg3 f6 29.Ng4 Kf8
30.Nxf6 dxc4 31.Nxh7+ Kg8 32.Nf6+ Kf7 33.Nd7 Rxd7 34.Qxg7+ Ke8 35.Qh8+ Ke7
36.Qh4+ Kf8 37.Qh8+ Ke7 38.Rg7+ Bf7 39.Rxf7+ Kxf7 40.Qh7+ Ke8 41.Qg8+ Ke7
42.Qg7+ Kd8 43.Qf8+ Kc7 44.Qf4+ Kd8 45.Qf8+ Kc7 46.Qxc5+ Kb8 47.Rxd7 bxc5
48.Rxb7+ Kxb7 49.Bxc4 Kc6 50.g4 Rf8 51.Kg2 Kd6 52.Kg3 Ke5 53.h4 Rd8 54.h5 Rd1
55.h6 Rh1 56.f4+ Ke4 57.g5 Rg1+ 58.Kf2 Rg4 59.h7 Rh4 60.g6 Kxf4 61.g7 Rh2+
62.Kg1  1-0